| Tag |
First Indicator |
Second Indicator |
Subfields |
| LEADER |
00000nam a2200000 4500 |
| 001 |
in00004318924 |
| 005 |
20200812075730.0 |
| 006 |
m g d |
| 007 |
cr bn |||a|bb| |
| 008 |
950324s1645 ie o o00| | eng d |
| 035 |
|
|
|a (UnM)99828002
|
| 037 |
|
|
|a CL0037000074
|b ProQuest Information and Learning. 300 N. Zeeb Rd., Ann Arbor, MI 48106
|
| 040 |
|
|
|a Cu-RivES
|c Cu-RivES
|d CStRLIN
|e dcrb
|d WaOLN
|
| 110 |
1 |
|
|a Ireland.
|b Lord Lieutenant (1661-1669 : Ormonde)
|
| 240 |
1 |
0 |
|a Proclamations. 1645-12-04.
|
| 245 |
1 |
2 |
|a A proclamation by the Lord Lieutenant and councell, for an imposition upon diverse commodities :
|b for the raising of monies for His Majesties armie, expressed in the booke following.
|
| 260 |
|
|
|a Dublin :
|b printed by VVilliam Bladen, printer to the Kings most excellent Majesty,
|c anno Dom. 1645.
|
| 300 |
|
|
|a 1 online resource ([2], 18 pages)
|
| 336 |
|
|
|a text
|b txt
|2 rdacontent
|
| 337 |
|
|
|a computer
|b c
|2 rdamedia
|
| 338 |
|
|
|a online resource
|b cr
|2 rdacarrier
|
| 500 |
|
|
|a Dated at end: Given at his Majesties castle of Dublin, 4th December, 1645.
|
| 500 |
|
|
|a Reproduction of the original in the Cambridge University Library.
|
| 510 |
4 |
|
|a Wing (2nd edition)
|c I619B
|
| 533 |
|
|
|a Electronic reproduction.
|b Ann Arbor, Mich. :
|c UMI,
|d 1999-
|f (Early English books online)
|n Digital version of: (Early English books, 1641-1700 ; 1911:8)
|7 s1999 miun s
|
| 610 |
1 |
0 |
|a Ireland.
|b Army
|x Appropriations and expenditures
|v Early works to 1800.
|
| 651 |
|
4 |
|a Ireland
|x Proclamations
|v Early works to 1800.
|
| 651 |
|
4 |
|a Ireland
|x History
|y 1625-1649
|v Early works to 1800.
|
| 651 |
|
4 |
|a Ireland
|x Politics and government
|v Early works to 1800.
|
| 830 |
|
0 |
|a Early English books online.
|
| 856 |
4 |
0 |
|u http://proxy.library.tamu.edu/login?url=https://search.proquest.com/docview/2240883704
|z Connect to the full text of this electronic book
|t 0
|
| 999 |
f |
f |
|s e0c975d8-ec98-3745-8839-dae2f935a035
|i d21df3de-1b00-34d8-9a5d-dd86108750a9
|t 0
|
| 952 |
f |
f |
|a Texas A&M University
|b College Station
|c Electronic Resources
|d Available Online
|t 0
|h No information provided
|
| 998 |
f |
f |
|t 0
|l Available Online
|